[Event "European Rapid 2014"]
[Site "Wroclaw POL"]
[Date "2014.12.20"]
[Round "4.48"]
[White "Kulaots, Kaido"]
[Black "Jancovic, Peter"]
[Result "1-0"]
[WhiteTitle "GM"]
[WhiteElo "2563"]
[BlackElo "2171"]
[WhiteFideId "4500261"]
[BlackFideId "14913321"]
[EventDate "2014.12.20"]

1. e4 c5 2. Nf3 e6 3. d4 cxd4 4. Nxd4 a6 5. Nc3 Qc7 6. Bd3 Nc6 7. Nxc6 bxc6 8.
O-O Nf6 9. Qf3 d5 10. Bf4 Bd6 11. Bxd6 Qxd6 12. Rfe1 Qc5 13. e5 Nd7 14. Qg4 g6
15. Na4 Qe7 16. Re3 Rb8 17. b3 Rb4 18. c4 O-O 19. Rae1 f5 20. exf6 Nxf6 21. Qd4
Ne8 22. Qc5 Qxc5 23. Nxc5 Ng7 24. cxd5 cxd5 25. Bxa6 Bxa6 26. Nxa6 Rb6 27. Nc5
Rc8 28. Nd3 Rbc6 29. g4 Rc2 30. R1e2 R8c3 31. Rxc2 Rxc2 32. a4 Kf7 33. a5 Ne8
34. b4 Nd6 35. a6 Nc4 36. Re1 Ra2 37. b5 Ke7 38. Nf4 Kd6 39. Nxe6 Ra5 40. Nd4
Ra3 41. Nc6 Kc5 42. Rb1 Nd6 43. b6 Rxa6 44. b7 Nxb7 45. Rxb7 Rxc6 46. Rxh7 d4
47. Rd7 Kc4 48. Kg2 d3 49. h4 Kc3 50. Kg3 d2 51. Kf4 Kc2 52. Kg5 d1=Q 53. Rxd1
Kxd1 54. f4 Ke2 55. f5 gxf5 56. gxf5 Kf3 57. f6 Rc5+ 58. Kg6 Kf4 59. f7 Rc6+ 60.
Kg7 Rc7 61. Kf6 Kg4 62. f8=Q Kxh4 63. Qh6+ Kg4 64. Qg5+ Kh3 65. Qh5+ Kg2 66.
Qg4+ Kf1 67. Qf4+ 1-0

[Event "European Rapid 2014"]
[Site "Wroclaw POL"]
[Date "2014.12.20"]
[Round "4.49"]
[White "Kosyrev, Vladimir"]
[Black "Marczuk, Dominik"]
[Result "1-0"]
[WhiteTitle "GM"]
[WhiteElo "2520"]
[BlackElo "2216"]
[WhiteFideId "4122259"]
[BlackFideId "1111264"]
[EventDate "2014.12.20"]

1. d4 f5 2. Nf3 Nf6 3. g3 g6 4. Bg2 Bg7 5. O-O O-O 6. b4 c6 7. c4 d6 8. Bb2 Ne4
9. Nbd2 Qb6 10. Qb3 Nxd2 11. Nxd2 Be6 12. e3 Nd7 13. a4 Nf6 14. a5 Qc7 15. b5 d5
16. bxc6 bxc6 17. Rfc1 Qd7 18. Qa4 Ne4 19. cxd5 Bxd5 20. Qc2 Rab8 21. Ba3 Nxd2
22. Qxd2 Rfc8 23. Bxd5+ cxd5 24. Rxc8+ Rxc8 25. Rb1 e6 26. a6 Qc6 27. Qa5 Bf6
28. Rc1 Qd7 29. Rxc8+ Qxc8 30. Qb5 Qd8 31. Bc5 Be7 32. Bxa7 Qc7 33. Qb8+ 1-0

[Event "European Rapid 2014"]
[Site "Wroclaw POL"]
[Date "2014.12.20"]
[Round "4.50"]
[White "Dragicevic, Drazen"]
[Black "Dourerassou, Jonathan"]
[Result "1-0"]
[WhiteTitle "FM"]
[BlackTitle "IM"]
[WhiteElo "2289"]
[BlackElo "2469"]
[WhiteFideId "1707922"]
[BlackFideId "628050"]
[EventDate "2014.12.20"]

1. c4 e5 2. Nc3 Nc6 3. Nf3 f5 4. d3 Nf6 5. g3 Bc5 6. Bg2 O-O 7. O-O d6 8. Na4
Bb6 9. Nxb6 axb6 10. Bd2 e4 11. Ng5 Qe7 12. Nh3 Ne5 13. Bc3 e3 14. f4 Nf7 15.
Qc1 Re8 16. b4 c6 17. Qb2 Bd7 18. a4 Reb8 19. b5 Nd8 20. Bd4 c5 21. Bc3 Ne6 22.
a5 bxa5 23. Bxa5 Be8 24. Bc3 Bh5 25. Kh1 Re8 26. Ng1 Rad8 27. Ra7 Rd7 28. h3 Bf7
29. Rfa1 Nh5 30. Kh2 Nexf4 31. gxf4 Qh4 32. Be1 Qxf4+ 33. Kh1 d5 34. Ra8 dxc4
35. Rxe8+ Bxe8 36. Ra8 Kf8 37. Ra4 Bf7 38. Qa3 Qe5 39. Nf3 Qd6 40. Ra8+ Be8 41.
dxc4 Re7 42. Qd3 Qg6 43. Nh4 Qf6 44. Qxf5 g6 45. Qxf6+ Nxf6 46. Rb8 Ne4 47. Kh2
Nd6 48. Bd5 Kg7 49. Nf3 Bf7 50. Bxf7 Rxf7 51. Bc3+ Kh6 52. Kg3 Ne4+ 53. Kg2 Nxc3
54. Ne5 Rf2+ 55. Kg1 Nxe2+ 56. Kh1 Ng3+ 57. Kg1 Kg5 58. Rxb7 Ne2+ 59. Kh1 Kh4
60. Ng4 Rf3 61. Nh2 Ng3+ 62. Kg1 Ne2+ 63. Kh1 Rf6 64. Rxh7+ Kg3 65. Re7 Kxh3 66.
Rxe3+ Ng3+ 67. Kg1 Kh4 68. Nf3+ Kg4 69. Nd2 Nh5 70. Re4+ Nf4 71. Kf2 g5 72. Nf3
Kh5 73. Kg3 Ng6 74. Ne5 Nh4 75. Nd7 Rf3+ 76. Kh2 Rf2+ 77. Kg1 Rf5 78. b6 Nf3+
79. Kg2 Nh4+ 80. Rxh4+ gxh4 81. b7 Rg5+ 82. Kh3 Rg3+ 83. Kh2 Rg8 84. b8=Q Rxb8
85. Nxb8 Kg4 86. Nd7 Kf5 87. Nxc5 Ke5 88. Nb3 1-0

[Event "European Rapid 2014"]
[Site "Wroclaw POL"]
[Date "2014.12.20"]
[Round "4.51"]
[White "Djuric, Stefan"]
[Black "Zapolski, Krzysztof"]
[Result "1/2-1/2"]
[WhiteTitle "GM"]
[WhiteElo "2402"]
[BlackElo "2214"]
[WhiteFideId "900133"]
[BlackFideId "1126733"]
[EventDate "2014.12.20"]

1. c4 Nf6 2. Nf3 g6 3. g3 Bg7 4. Bg2 O-O 5. O-O c6 6. d4 d5 7. Ne5 Nfd7 8. Nxd7
Nxd7 9. cxd5 cxd5 10. Nc3 Nf6 11. Qb3 e6 12. Bf4 Nh5 13. Be3 b6 14. a4 Ba6 15.
Nb5 Qd7 16. Rfc1 Rfc8 17. h3 Bf8 18. Bf3 Nf6 19. Bf4 Ne8 20. e4 dxe4 21. Bxe4
Bb7 22. Bxb7 Qxb7 23. Re1 Nf6 24. Be5 Nd5 25. Qf3 Qd7 26. Nc3 Bg7 27. Nxd5 Qxd5
28. Qxd5 exd5 29. a5 f6 30. axb6 axb6 31. Rxa8 Rxa8 32. Bc7 b5 33. Re3 f5 34.
Be5 Ra4 35. b3 Ra1+ 36. Kg2 Rb1 37. h4 Bxe5 38. Rxe5 Rxb3 39. Rxd5 Rb2 40. h5
Kg7 41. Rd7+ Kh6 42. hxg6 hxg6 43. d5 b4 44. d6 b3 45. Rb7 Rd2 46. Rxb3 Rxd6 47.
Rb7 Kg5 48. Rh7 Kf6 1/2-1/2

[Event "European Rapid 2014"]
[Site "Wroclaw POL"]
[Date "2014.12.20"]
[Round "4.52"]
[White "Brendel, Oliver"]
[Black "Kanep, Meelis"]
[Result "0-1"]
[WhiteTitle "IM"]
[BlackTitle "GM"]
[WhiteElo "2348"]
[BlackElo "2509"]
[WhiteFideId "4602048"]
[BlackFideId "4501047"]
[EventDate "2014.12.20"]

1. c4 Nf6 2. g3 g6 3. Bg2 Bg7 4. Nc3 O-O 5. e4 c5 6. Nge2 Nc6 7. d3 d6 8. O-O a6
9. f4 Rb8 10. h3 Nd4 11. Nxd4 cxd4 12. Nd5 Nxd5 13. cxd5 Qb6 14. Qe2 Bd7 15. e5
Rbc8 16. e6 fxe6 17. dxe6 Bc6 18. f5 Bxg2 19. Kxg2 Rxf5 20. Rxf5 gxf5 21. Bg5
Qc6+ 22. Kg1 Qd5 23. Re1 Be5 24. Bxe7 Re8 25. Bh4 Qxe6 26. b3 Kh8 27. Qf3 b5 28.
Rf1 Rf8 29. Kg2 Qh6 30. Rf2 Rg8 31. Qd5 f4 32. Rc2 fxg3 33. Be7 Qf4 34. a4 h6
35. axb5 axb5 36. Qe6 Rg7 37. Bf8 Rf7 38. Bxh6 Qf1# 0-1

[Event "European Rapid 2014"]
[Site "Wroclaw POL"]
[Date "2014.12.20"]
[Round "4.53"]
[White "Boricsev, Oleg"]
[Black "Ladva, Ottomar"]
[Result "0-1"]
[WhiteTitle "IM"]
[BlackTitle "FM"]
[WhiteElo "2365"]
[BlackElo "2404"]
[WhiteFideId "720500"]
[BlackFideId "4500024"]
[EventDate "2014.12.20"]

1. e4 c5 2. c3 d5 3. exd5 Qxd5 4. d4 Nf6 5. Nf3 e6 6. Be3 cxd4 7. cxd4 Nc6 8.
Nc3 Qd6 9. Bd3 Be7 10. O-O O-O 11. a3 a6 12. Qe2 b5 13. Rad1 b4 14. Ne4 Nxe4 15.
Bxe4 f5 16. Bf4 Qxf4 17. Bxc6 Ra7 18. axb4 Qd6 19. Ne5 Bf6 20. b5 axb5 21. Bxb5
Bb7 22. Nd7 Rf7 23. Nxf6+ Rxf6 24. f3 Bd5 25. Bc4 Rf8 26. Bxd5 Qxd5 27. Rfe1 Kf7
28. Qe5 Rd8 29. Qxd5 Rxd5 30. Re5 Rxe5 31. dxe5 Rb7 32. Rd2 g5 33. g3 Kg6 34.
Kf2 f4 35. g4 Rb5 36. Re2 Kf7 37. Kg2 Ke7 38. h4 h6 39. hxg5 hxg5 40. Kf2 Kd7
41. Ke1 Kc6 42. Kd1 Rb3 43. Rh2 Rxf3 44. Rh5 Rb3 45. Kc2 Rb8 46. Rxg5 Kd5 47.
Rh5 Ke4 48. Rh1 f3 49. g5 f2 50. g6 Kf3 51. b4 Rxb4 52. Kc3 Rg4 0-1

[Event "European Rapid 2014"]
[Site "Wroclaw POL"]
[Date "2014.12.20"]
[Round "4.54"]
[White "Kuzmicz, Krystian"]
[Black "Reimanis, Ritvars"]
[Result "1/2-1/2"]
[WhiteTitle "IM"]
[WhiteElo "2469"]
[BlackElo "2210"]
[WhiteFideId "1119125"]
[BlackFideId "11602988"]
[EventDate "2014.12.20"]

1. e4 e6 2. Nf3 d5 3. Nc3 c6 4. a3 f5 5. exd5 exd5 6. d4 Nf6 7. Bf4 Bd6 8. Qe2+
Ne4 9. Bxd6 Qxd6 10. Ne5 O-O 11. f3 Nxc3 12. bxc3 Nd7 13. f4 Nf6 14. g3 Ne4 15.
Qd3 Be6 16. Bg2 c5 17. O-O Rac8 18. Bxe4 fxe4 19. Qd2 cxd4 20. cxd4 Rc7 21. Ra2
Bd7 22. Rf2 Rfc8 23. f5 Rc3 24. Qg5 h6 25. Qh4 e3 26. Re2 Bxf5 27. Qf4 Rf8 28.
Rxe3 Rxc2 29. Rxc2 Bxc2 30. Qg4 Bf5 31. Qe2 Qb6 32. Qd2 Bh3 33. Rf3 Qb1+ 34. Kf2
Qf1+ 35. Ke3 Qg1+ 36. Rf2 Be6 37. Nf3 Qa1 38. Qb2 Qxb2 39. Rxb2 b6 40. Rc2 Rb8
41. Rc7 a5 42. Ne5 b5 43. Nc6 Rb6 44. Nxa5 Ra6 45. Nc6 Rxa3+ 46. Kf4 Kh7 47. Ke5
Bg8 48. Ne7 Re3+ 49. Kd6 b4 50. Nf5 Re6+ 51. Kc5 Kg6 52. Ne7+ Kh7 53. Kxb4 Re2
54. h4 Be6 55. Kc5 Re3 56. Kd6 Bh3 57. Nxd5 Rxg3 58. Nf6+ Kg6 59. Rxg7+ Kxg7 60.
Nh5+ Kg6 61. Nxg3 Kf6 62. d5 Bg2 63. Kc5 Ke5 64. d6 Bh3 65. Nh5 Bd7 66. Ng7 Kf6
67. Nh5+ Ke5 68. Ng3 Kf4 69. Nh5+ Ke5 1/2-1/2

[Event "European Rapid 2014"]
[Site "Wroclaw POL"]
[Date "2014.12.20"]
[Round "4.55"]
[White "Egyed, Andras"]
[Black "Raetsky, Alexander"]
[Result "0-1"]
[WhiteTitle "FM"]
[BlackTitle "GM"]
[WhiteElo "2238"]
[BlackElo "2423"]
[WhiteFideId "704105"]
[BlackFideId "4103203"]
[EventDate "2014.12.20"]

1. d4 d5 2. Nf3 Nc6 3. Bf4 Bg4 4. Nbd2 e6 5. c3 Bd6 6. e3 a6 7. Bd3 Nf6 8. Qc2
Bxf3 9. Nxf3 b5 10. O-O h6 11. a4 b4 12. Bxd6 Qxd6 13. c4 dxc4 14. Bxc4 Na5 15.
Rac1 O-O 16. Bd3 Nd5 17. Ne5 Rfc8 18. Nc6 b3 19. Qc5 Nxc6 20. Qxc6 Nb4 21. Qc4
Na2 22. Ra1 Rcb8 23. Bb1 Rb4 24. Qd3 g6 25. Bxa2 bxa2 26. Rxa2 Rab8 27. Qc2 e5
28. dxe5 Qxe5 29. g3 Rxb2 30. Rxb2 Rxb2 31. Qc6 a5 32. Rc1 Qf5 33. Rf1 Rc2 34.
Qe8+ Kg7 35. e4 Qc5 36. Qd7 h5 37. h4 Re2 38. Qd3 Rc2 39. Qd7 Rc4 40. Re1 Rc2
41. Rf1 Rc4 42. Re1 Qd4 43. Qe7 Rc2 44. Rf1 Qxa4 45. e5 Qc6 46. Ra1 a4 47. e6
Qxe6 48. Qxe6 fxe6 49. Rxa4 Kf6 50. Kg2 c5 51. Kf3 Rb2 52. Rc4 Rb3+ 53. Ke2 Rb5
54. Kd3 Ke5 55. g4 Kd5 56. Rf4 Rb4 57. Rf6 Rxg4 58. f3 Ke5 59. Rf8 Rxh4 0-1

[Event "European Rapid 2014"]
[Site "Wroclaw POL"]
[Date "2014.12.20"]
[Round "4.56"]
[White "Weichhold, Pawel"]
[Black "Frink, Ferenc"]
[Result "1-0"]
[WhiteTitle "IM"]
[BlackTitle "FM"]
[WhiteElo "2405"]
[BlackElo "2106"]
[WhiteFideId "1139703"]
[BlackFideId "704946"]
[EventDate "2014.12.20"]

1. c4 Nf6 2. g3 Nc6 3. Bg2 e5 4. Nc3 Bc5 5. d3 O-O 6. Nf3 h6 7. O-O d6 8. Rb1 a5
9. a3 Bg4 10. Bd2 Qd7 11. Be3 Bxe3 12. fxe3 Bh3 13. b4 axb4 14. axb4 Bxg2 15.
Kxg2 Ne7 16. Qd2 Ng6 17. Ra1 c6 18. Ra2 Rxa2 19. Qxa2 Ng4 20. Qa7 f5 21. h3 Nf6
22. Ra1 Nh5 23. b5 f4 24. bxc6 Qxc6 25. Nd5 Nxg3 26. Rb1 Rf7 27. Rb6 Qd7 28.
Qb8+ Kh7 29. Qxd6 Qxd6 30. Rxd6 Nxe2 31. Rxg6 Kxg6 32. Nxe5+ Kf5 33. Nxf7 fxe3
34. Nxe3+ Kf6 35. Nd6 Nf4+ 36. Kf3 Nxd3 37. Nxb7 Ke5 38. Nd8 h5 39. h4 Nc5 40.
Nc6+ Kf6 41. Nd5+ Kf5 42. Nce7+ Ke5 43. Ke3 Ne6 44. Ng6+ Kd6 45. Ngf4 Nf8 46.
Kd4 g6 47. c5+ Kc6 48. Ne7+ Kd7 49. Nexg6 Nh7 50. Nxh5 Ke6 51. Ke4 Kf7 52. Ne5+
Ke6 53. Nf4+ Ke7 54. Kf5 Kd8 55. Ne6+ Ke7 56. c6 Nf6 57. Ng6+ Kf7 58. Ng5+ Kg7
59. Ke6 Ne8 60. Nf4 Kf8 61. Kd7 Nf6+ 62. Kd8 Ng8 63. Nfe6# 1-0

[Event "European Rapid 2014"]
[Site "Wroclaw POL"]
[Date "2014.12.20"]
[Round "4.57"]
[White "Krzesaj, Robert"]
[Black "Koziol, Kamil"]
[Result "0-1"]
[WhiteTitle "FM"]
[WhiteElo "2391"]
[BlackElo "1987"]
[WhiteFideId "1123521"]
[BlackFideId "1161555"]
[EventDate "2014.12.20"]

1. Nf3 d5 2. g3 Nf6 3. Bg2 c5 4. d3 Nc6 5. O-O b6 6. Nbd2 Bb7 7. e4 e6 8. Re1
Be7 9. c3 Qc7 10. Nf1 O-O-O 11. e5 Nd7 12. d4 Rdg8 13. Be3 g5 14. Qd2 g4 15. Nh4
cxd4 16. cxd4 Bb4 17. Qe2 Bxe1 18. Rxe1 Kb8 19. a3 a5 20. Nd2 h5 21. Rb1 Rc8 22.
f3 gxf3 23. Bxf3 f6 24. exf6 Ka7 25. f7 e5 26. Ng6 Rh7 27. f8=R Nxf8 28. Nxe5
Nxe5 29. dxe5 Ne6 30. b4 a4 31. Qd3 d4 32. Bf4 Nxf4 33. gxf4 Rg7+ 34. Kh1 Bxf3+
35. Nxf3 Qc1+ 36. Qf1 Qxf4 37. Re1 Rf8 38. e6 Re7 39. Nxd4 Qxf1+ 40. Rxf1 Rxf1+
41. Kg2 Rc1 42. Nb5+ Ka6 0-1

[Event "European Rapid 2014"]
[Site "Wroclaw POL"]
[Date "2014.12.20"]
[Round "4.58"]
[White "Matuszewski, Michal"]
[Black "Teclaf, Pawel"]
[Result "1/2-1/2"]
[WhiteTitle "IM"]
[BlackTitle "CM"]
[WhiteElo "2459"]
[BlackElo "2100"]
[WhiteFideId "1129775"]
[BlackFideId "1185934"]
[EventDate "2014.12.20"]

1. d4 Nf6 2. Nf3 g6 3. c4 Bg7 4. Nc3 d5 5. g3 O-O 6. cxd5 Nxd5 7. Bg2 c5 8. O-O
Nxc3 9. bxc3 Nc6 10. Be3 Qa5 11. Qb3 Be6 12. Qxb7 Bd5 13. Nd2 Rab8 14. Qd7 Rfd8
15. Qh3 cxd4 16. Nb3 Bxb3 17. axb3 Qb6 18. cxd4 Nxd4 19. Bxd4 Qxd4 20. Ra4 Qc5
21. Rc4 Qb5 22. Re4 Bf6 23. b4 Rd4 24. Rxd4 Bxd4 25. e3 Bf6 26. Rc1 Qxb4 27. Bd5
Qd6 28. Rc8+ Rxc8 29. Qxc8+ Kg7 30. Bb3 a5 31. Qc4 e6 32. Kg2 Qd2 33. h4 Qd6 34.
Qb5 Qc7 35. Bd1 h5 36. Ba4 1/2-1/2

[Event "European Rapid 2014"]
[Site "Wroclaw POL"]
[Date "2014.12.20"]
[Round "4.59"]
[White "Cukrowski, Filip"]
[Black "Matlakov, Maxim"]
[Result "0-1"]
[BlackTitle "GM"]
[WhiteElo "2196"]
[BlackElo "2695"]
[WhiteFideId "1171097"]
[BlackFideId "4168003"]
[EventDate "2014.12.20"]

1. e4 c6 2. d4 d5 3. Nc3 dxe4 4. Nxe4 Bf5 5. Ng3 Bg6 6. h4 h6 7. Nf3 Nd7 8. h5
Bh7 9. Bd3 Bxd3 10. Qxd3 e6 11. Bd2 a5 12. c4 Ngf6 13. O-O-O Bb4 14. Ne4 O-O 15.
a3 Bxd2+ 16. Rxd2 b5 17. Kb1 Nxe4 18. Qxe4 bxc4 19. Rc1 Nb6 20. Ne5 Qd5 21. f3
Rac8 22. Rdc2 Rfd8 23. Nxc4 Nxc4 24. Rxc4 Qxh5 25. Ka2 Qh2 26. f4 Rb8 27. Rxc6
Qg3 28. R1c2 Qb3+ 29. Ka1 g6 30. R6c5 h5 31. R5c3 Qb6 32. Rc5 a4 33. R5c4 Qa6
34. Qe5 Rb5 35. Qf6 Re8 36. Rc6 Qa8 37. g4 Qd8 38. Qxd8 Rxd8 39. gxh5 gxh5 40.
R6c5 Rxc5 41. dxc5 Kf8 42. c6 Ke7 43. Rc4 Kd6 44. Ka2 f5 45. Rxa4 Kxc6 46. Rc4+
Kd5 47. Rc1 Rh8 48. a4 h4 49. a5 h3 50. a6 Ra8 51. Rd1+ Ke4 52. Re1+ Kxf4 53.
Rxe6 h2 54. Re1 Rxa6+ 55. Kb3 Kg3 56. Kc3 f4 57. b4 Rh6 0-1

[Event "European Rapid 2014"]
[Site "Wroclaw POL"]
[Date "2014.12.20"]
[Round "4.60"]
[White "Korobov, Anton"]
[Black "Zochowski, Kacper"]
[Result "1-0"]
[WhiteTitle "GM"]
[WhiteElo "2693"]
[BlackElo "2120"]
[WhiteFideId "14105730"]
[BlackFideId "1125494"]
[EventDate "2014.12.20"]

1. d4 Nf6 2. c4 e6 3. Nf3 Bb4+ 4. Nbd2 b6 5. a3 Bxd2+ 6. Qxd2 Bb7 7. e3 O-O 8.
Be2 Ne4 9. Qc2 d6 10. b4 Nd7 11. Bb2 f5 12. O-O Qe7 13. d5 exd5 14. cxd5 Ndf6
15. Nd4 Nxd5 16. f3 Ng5 17. Bc4 Rf7 18. Nxf5 Qd7 19. e4 b5 20. Bb3 Kf8 21. h4
Rxf5 22. hxg5 Ne3 23. Qd3 Nxf1 24. exf5 Ng3 25. Be6 Qe7 26. f4 Ne4 27. Re1 Nxg5
28. f6 1-0

[Event "European Rapid 2014"]
[Site "Wroclaw POL"]
[Date "2014.12.20"]
[Round "4.62"]
[White "Sliwicki, Damian"]
[Black "Plat, Vojtech"]
[Result "0-1"]
[BlackTitle "IM"]
[WhiteElo "2107"]
[BlackElo "2432"]
[WhiteFideId "1127128"]
[BlackFideId "325740"]
[EventDate "2014.12.20"]

1. e4 d6 2. Nc3 Nf6 3. d4 e5 4. dxe5 dxe5 5. Qxd8+ Kxd8 6. Bg5 Be6 7. O-O-O+ Nd7
8. f4 exf4 9. e5 h6 10. Bxf4 Ng4 11. Rd2 Bc5 12. Na4 Be3 13. Bxe3 Nxe3 14. Nf3
Ke7 15. Bd3 Rad8 16. Re1 Nc4 17. Bxc4 Bxc4 18. Nd4 Be6 19. b3 a6 20. Nxe6 Kxe6
21. Red1 Ke7 22. Re1 Rhe8 23. Nc3 Nb6 24. Rf2 Ke6 25. Ne4 Nd7 26. Re3 b6 27. Rc3
Rc8 28. Rg3 Rg8 29. Nd2 Rcd8 30. Rc3 c5 31. Nc4 b5 32. Nd2 Rc8 33. Ne4 Nxe5 34.
Rxc5 f5 35. Rxc8 Rxc8 36. Rxf5 Kxf5 37. Nd6+ Ke6 38. Nxc8 Kd7 39. Nb6+ Kc6 40.
Nc8 Ng6 41. h4 h5 42. g4 hxg4 43. h5 g3 44. hxg6 g2 45. Ne7+ Kd7 46. Kd2 Kxe7 0-1

[Event "European Rapid 2014"]
[Site "Wroclaw POL"]
[Date "2014.12.20"]
[Round "4.63"]
[White "Graczyk, Damian"]
[Black "Savchenko, Boris"]
[Result "0-1"]
[BlackTitle "GM"]
[WhiteElo "2081"]
[BlackElo "2599"]
[WhiteFideId "1170716"]
[BlackFideId "4147332"]
[EventDate "2014.12.20"]

1. d4 e6 2. Nf3 Nf6 3. g3 b5 4. Bg2 c5 5. O-O Be7 6. dxc5 Bxc5 7. b3 Bb7 8. Bb2
O-O 9. Nbd2 a6 10. c4 d6 11. e3 h6 12. Qe2 Nbd7 13. Rfd1 Qe7 14. h3 Rfd8 15. a3
bxc4 16. Nxc4 a5 17. Qe1 a4 18. b4 Ba7 19. Nxd6 Bd5 20. Nb5 Bb6 21. Nbd4 Ne4 22.
Rdc1 Qd6 23. Nb5 Qb8 24. Nc3 Nxc3 25. Qxc3 Nf6 26. Qe5 Qb7 27. Ne1 Bxg2 28. Nxg2
Rd5 29. Qf4 Rf5 30. Qc4 Ne4 31. Rc2 Rd8 32. Bd4 Bxd4 33. exd4 Ng5 34. Qc6 Nxh3+
35. Kh2 Qxc6 36. Rxc6 Nxf2 37. Rc4 Rf3 38. Ne1 Rb3 39. Kg2 Ne4 40. Nf3 Rxf3 0-1

[Event "European Rapid 2014"]
[Site "Wroclaw POL"]
[Date "2014.12.20"]
[Round "4.64"]
[White "Stocek, Jiri"]
[Black "Golek, Jagoda"]
[Result "1-0"]
[WhiteTitle "GM"]
[WhiteElo "2554"]
[BlackElo "2009"]
[WhiteFideId "304760"]
[BlackFideId "1138529"]
[EventDate "2014.12.20"]

1. e4 c5 2. Nf3 e6 3. Nc3 a6 4. d4 cxd4 5. Nxd4 Qc7 6. Bd3 Bc5 7. Be3 Nf6 8. O-O
O-O 9. Qe2 d6 10. Na4 b5 11. e5 Nd5 12. Nxc5 dxc5 13. Nf3 g6 14. Bh6 Re8 15. c4
bxc4 16. Bxc4 Bb7 17. Rac1 Nd7 18. Bd3 Nb4 19. Be4 Nd5 20. Bb1 a5 21. Rfe1 Ba6
22. Qe4 Bb7 23. Qg4 Ne7 24. Bf4 Nd5 25. Ng5 Nxf4 26. Qxf4 f5 27. Rc3 Rad8 28.
Nxh7 Re7 29. Ng5 Nf8 30. h4 Red7 31. Nf3 Rd1 32. Re3 Bxf3 33. Qxf3 R1d2 34. R3e2
R8d5 35. Rxd2 Rxd2 36. Qc3 Rd5 37. Bd3 Rd4 38. g3 Kf7 39. Bf1 Nd7 40. Qe3 Rd5
41. Qh6 Rxe5 42. Qh7+ Kf8 43. Rxe5 1-0

[Event "European Rapid 2014"]
[Site "Wroclaw POL"]
[Date "2014.12.20"]
[Round "4.65"]
[White "Hermanowicz, Dominika"]
[Black "Kantans, Toms"]
[Result "0-1"]
[BlackTitle "IM"]
[WhiteElo "2074"]
[BlackElo "2447"]
[WhiteFideId "1123920"]
[BlackFideId "11602945"]
[EventDate "2014.12.20"]

1. e4 c5 2. Nf3 Nf6 3. Nc3 Nc6 4. d4 d5 5. exd5 Nxd5 6. Bb5 Nxc3 7. bxc3 e6 8.
Ne5 Bd7 9. Nxc6 Bxc6 10. Bxc6+ bxc6 11. O-O Qd5 12. Bf4 Rd8 13. Qe2 Be7 14. Rfd1
Bf6 15. Be5 cxd4 16. cxd4 O-O 17. Bxf6 gxf6 18. c4 Qf5 19. Rab1 Rxd4 20. Rb7
Rfd8 21. Rxd4 Rxd4 22. h3 a5 23. Rc7 Qb1+ 24. Kh2 Qb8 0-1

[Event "European Rapid 2014"]
[Site "Wroclaw POL"]
[Date "2014.12.20"]
[Round "5.1"]
[White "Guliyev, Namig"]
[Black "Kovalenko, Igor"]
[Result "0-1"]
[WhiteTitle "GM"]
[BlackTitle "GM"]
[WhiteElo "2557"]
[BlackElo "2653"]
[WhiteFideId "13400363"]
[BlackFideId "14117908"]
[EventDate "2014.12.20"]

1. e4 c6 2. d4 d5 3. Nc3 dxe4 4. Nxe4 Nd7 5. Nf3 Ngf6 6. Nxf6+ Nxf6 7. Bc4 Bf5
8. O-O e6 9. Qe2 Qc7 10. h3 O-O-O 11. a4 h6 12. c3 g5 13. Ne5 Rg8 14. a5 Bd6 15.
g4 Bg6 16. f3 Bxe5 17. Qxe5 Qxe5 18. dxe5 Nd5 19. Re1 Rd7 20. Kf2 Rh8 21. Kg3
Kb8 22. Re2 Rhd8 23. h4 gxh4+ 24. Kxh4 Rh8 25. Kg3 h5 26. Bg5 hxg4 27. fxg4 b5
28. axb6 Nxb6 29. Ba6 Rg8 30. Rd2 Rd5 31. Rxd5 Nxd5 32. Bd2 Rd8 33. Be2 Rd7 34.
Kf2 c5 35. Ra5 Rb7 36. Bc1 Rc7 37. c4 Nb6 38. Rb5 Kc8 39. Be3 Nd7 40. Bf4 a6 41.
Rb3 Bc2 42. Rc3 Bg6 43. Rb3 Bc2 44. Rc3 Bg6 45. Rb3 Rb7 46. Rxb7 Kxb7 47. Ke3
Kb6 48. Bd1 Ka5 49. Kd2 Kb4 50. b3 Nb8 51. Kc1 Kc3 52. Bd2+ Kd4 53. Be1 Nc6 54.
Bf2+ Kc3 55. Be1+ Kd3 56. Bf2 Kc3 57. Bxc5 Nxe5 0-1

[Event "European Rapid 2014"]
[Site "Wroclaw POL"]
[Date "2014.12.20"]
[Round "5.2"]
[White "Vitiugov, Nikita"]
[Black "Deviatkin, Andrei"]
[Result "1/2-1/2"]
[WhiteTitle "GM"]
[BlackTitle "GM"]
[WhiteElo "2738"]
[BlackElo "2528"]
[WhiteFideId "4152956"]
[BlackFideId "4121260"]
[EventDate "2014.12.20"]

1. c4 c6 2. Nf3 d5 3. e3 Nf6 4. Nc3 Bg4 5. Qb3 Qb6 6. Ne5 Be6 7. d4 g6 8. Bd2
Bg7 9. Qa3 Qd8 10. cxd5 Nxd5 11. Nxd5 Bxd5 12. Nd3 O-O 13. f3 Nd7 14. Bc3 Re8
15. Be2 e5 16. dxe5 Nxe5 17. Nxe5 Bxe5 18. Bxe5 Rxe5 19. e4 Be6 20. Qc3 Rg5 21.
O-O Qb6+ 22. Kh1 Rc5 23. Qe1 Rc2 24. b3 Qe3 25. Bd1 Qxe1 26. Rxe1 Rd2 27. Be2
Rad8 28. Bf1 Rb2 29. Reb1 Rxb1 30. Rxb1 Rd2 31. a4 a5 32. h4 Rd4 33. Bc4 Bxc4
34. bxc4 Rxc4 35. Rxb7 Rxa4 36. Kh2 h5 37. Kg3 Rb4 38. Ra7 a4 39. Kf4 Kg7 40. g4
c5 41. gxh5 gxh5 42. Ke5 c4 43. Kd4 Rb3 44. Rxa4 Rxf3 45. Ra5 Kg6 46. Kxc4 Rf4
47. Ra6+ Kg7 48. Kd5 Rxh4 49. Ke5 Rg4 50. Kf5 Rg6 51. Ra3 Rg1 52. Rf3 Rg2 53. e5
Rg6 54. Rh3 Kh6 55. Rh4 Rg1 56. Rf4 Rg6 57. Ra4 Rg2 58. Ra6+ Kg7 59. Ra4 Rg1 60.
Rb4 Kh6 61. Rf4 Rg6 62. Rd4 Re6 63. Rh4 1/2-1/2

[Event "European Rapid 2014"]
[Site "Wroclaw POL"]
[Date "2014.12.20"]
[Round "5.3"]
[White "Moranda, Wojciech"]
[Black "Socko, Bartosz"]
[Result "1-0"]
[WhiteTitle "GM"]
[BlackTitle "GM"]
[WhiteElo "2591"]
[BlackElo "2617"]
[WhiteFideId "1122401"]
[BlackFideId "1107038"]
[EventDate "2014.12.20"]

1. d4 Nf6 2. c4 e6 3. Nf3 Bb4+ 4. Nc3 b6 5. Bg5 h6 6. Bh4 Bb7 7. Nd2 Bxc3 8.
bxc3 d6 9. f3 e5 10. e4 c5 11. Be2 Nbd7 12. Nf1 Nf8 13. dxe5 dxe5 14. Qxd8+ Rxd8
15. Bxf6 gxf6 16. Ne3 Ng6 17. a4 Kd7 18. a5 Kc7 19. g3 Ne7 20. Ra2 Rd6 21. Kf2
Rhd8 22. Rha1 Kb8 23. Ke1 Kc7 24. Rb2 Rb8 25. h4 Bc8 26. axb6+ axb6 27. Kf2 Be6
28. Rba2 Nc6 29. Nd5+ Bxd5 30. cxd5 Na5 31. Rd1 Rdd8 32. f4 Kd6 33. Ke3 c4 34.
fxe5+ fxe5 35. Rf1 Ke7 36. Bh5 f6 37. g4 Rg8 38. d6+ Kxd6 39. Rxf6+ Kc5 40. Re6
Nc6 41. Rd2 Rbd8 42. Rxh6 Rxd2 43. Kxd2 b5 44. Re6 Rd8+ 45. Ke2 b4 46. Be8 Nd4+
47. cxd4+ exd4 48. Re5+ Kb6 49. Rb5+ Ka6 50. Rxb4 Rxe8 51. Rxc4 Rxe4+ 52. Kd3
Rxg4 53. Rxd4 Rg1 54. Ke4 Kb6 55. Kf5 Rh1 56. Kg5 Rg1+ 57. Rg4 Rd1 58. h5 Kc7
59. h6 Rd5+ 60. Kh4 Rd1 61. Kh5 Rh1+ 62. Rh4 Rd1 63. h7 Rd8 64. Kg6 Rd6+ 65. Kf5 1-0